Przeciwnicy Lecha Poznań w europejskich pucharach - Statystyki

Ogólne statystyki
  • Ten quiz został rozwiązany 36 razy
  • Średni wynik to 17 z 75
Statystyki odpowiedzi
Hint Odpowiedź % Poprawnych
2010/11 (1:1) (3:3) Juventus
77%
2015/16 (0:2)(2:1)2022/23 [6:4] Fiorentina
73%
2010/11 (3:1) (1:3) Manchester City
73%
2008/09 [5:4]2022/23 (4:1)(1:1) Austria Wiedeń
65%
2025/26 (4:1) Rapid Wiedeń
65%
2025/26 (2:3) Rayo Vallecano
62%
2025/26 (1:1) Mainz
58%
2025/26 (2:1) Sigma Ołomuniec
58%
2020/21 (2:4)(0:4) Benfica Lizbona
54%
1988/89 [2:2k] FC Barcelona
50%
2010/11 [0:2] Sparta Praga
50%
2025/26 (1:2) Lincoln Red Imps
46%
2022/23 (3:0)(3:4) Villareal
46%
2025/26 [8:1] Breidablik
42%
2025/26 [2:4] Crvena Zvezda
42%
2018/19 [1:4]2025/26 [3:6] KRC Genk
42%
2010/11 [1:2] Braga
38%
2015/16 [1:4](0:1)(0:2) FC Basel
35%
2020/21 (0:2)(0:1) Rangers
35%
2020/21 (3:1)(1:2) Standard Liege
35%
1984/85 [0:5] Liverpool
31%
1983/84 [2:4] Athletic Bilbao
27%
2022/23 [6:1] Dinamo Batumi
27%
2025/26 (2:0) FC Lausanne-Sport
27%
2022/23 [2:5] Qarabağ
27%
1993/94 [2:7] Spartak Moskwa
27%
2023/24 [3:4] Spartak Trnawa
27%
2010/11 (1:0) (2:0) Salzburg
23%
2022/23 [4:2] Víkingur Reykjavík
23%
2020/21{5:0} Apollon Limassol
19%
2009/10 [1:1k] Club Brugge
19%
2008/09 (1:2) CSKA Moskwa
19%
2022/23 [1:0] FK Bodø/Glimt
19%
2015/16 [3:0] FK Sarajewo
19%
2010/11 [1k:1] Inter Baku
19%
1990/91[4:8] Olympique Marsylia
19%
2008/09 [3:4] Udinese Calcio
19%
2012/13 [1:3] AIK
15%
2008/09 (1:0) Feyenoord
15%
2017/18 [4:3] FK Haugesund
15%
2022/23 (1:1) (0:0) Hapoel Beer Szewa
15%
1992/93 [0:4]1999/2000 [1:2] IFK Göteborg
15%
2018/19 [4:2] Szachcior Soligorsk
15%
2015/16 [4:0] Videoton
15%
2017/18 [7:0] FK Pelister
12%
2020/21{3:0} Hammarby IF
12%
2014/15 [3:1] Nõmme Kalju
12%
1990/91 [5:1] Panathinaikos
12%
2020/21 {2:1} Royal Charleroi
12%
1992/93 [2:0] Skonto
12%
2020/21 {3:0} Valmiera
12%
1985/86 [1:3] Borussia Mönchengladbach
8%
2022/23 [3:1] F91 Dudelange
8%
2013/14 [5:2] FC Honka
8%
2009/10 [1:7] Fredrikstad
8%
2008/09 [6:0] Grasshopper Zürrich
8%
1978/79 [2:10] MSV Duisburg
8%
2023/24 [5:2] Žalgris Kowno
8%
2013/14 [2:2w] Žalgris Wilno
8%
1982/83 [0:3] Aberdeen
4%
2008/09 (2:2) AS Nancy
4%
1993/94 [7:2] Beitar Jerozolima
4%
2008/09 (1:1) Deportivo La Coruña
4%
2022/23 [5:0] Djugårdens
4%
1988/89 [4:4] Flamurtari Wlora
4%
1999/2000 [5:4] Metalurgs Lipawa
4%
2015/16 (0:0)(0:0) OS Belenenses
4%
2004/05 [0:2] Terek Grozny
4%
1982/83 [4:0] Vestmannaeyja
4%
2008/09 [5:1]2012/13 [2:1] Xəzər Lenkoran
4%
2017/18 [2:2] FC Ultrecht
0%
2010/11 [1:0] FK Dnipro
0%
2018/19 [3:2] Handzasar Kapan
0%
2014/15 [0:1] Stjarnam
0%
2012/13 [3:1] Żetydu Kałdykorgan
0%
Nie znaleziono quizów pasujących do podanych kryteriów
Rozkład punktacji
Procent ludzi z każdym wynikiem
Percentyl według liczby udzielonych odpowiedzi
Twoja historia wyników
Nie rozwiązałeś tego quizu